| 000 | 00615nam a2200205 a 4500 | ||
|---|---|---|---|
| 005 | 20210219150534.0 | ||
| 008 | 991125s1984 mx 000 0 spa u | ||
| 020 | _a9688540056 | ||
| 035 | _aUPN01000016129 | ||
| 049 | _aSEP | ||
| 050 | 4 |
_aPQ7297 A6 _bA4.3 |
|
| 100 | 1 |
_aAltamirano, Ignacio Manuel, _d1834-1893 |
|
| 245 | 1 | 0 |
_aDiscursos cívicos / _cIgnacio Manuel Altamirano. |
| 260 |
_aMéxico : _bCREA : _bSEP, _c1984. |
||
| 300 | _a272 p. | ||
| 440 | 0 |
_aJuventud democrática ; _v9 |
|
| 500 | _a"Año Internacional de la Juventud, 1985" | ||
| 600 | 1 | 4 |
_aALTAMIRANO, IGNACIO MANUEL, _d1834-1893 |
| 905 | _aLibro | ||
| 999 |
_c16129 _d16129 |
||